LEADER 01354nam a2200253 i 4500 001 000000250745 003 CaOOAMICUS 005 20160818000000.0 008 160818s1769 it u000 u ita u 013 $a229650 026 $aalta i?i, a... QuDa (3) 1769 (R) 040 $aSeMil$bita 245 13$aLa Didone abbandonata, dramma per musica da rappresentarsi nel Regio Ducal Teatro di Milano nel carnovale dell'anno 1770 dedicato a sua altezza serenissima il Duca di Modena, Reggio .. 260 $aIn Milano :$bNella stamperia di Giovanni Montani,$c1769. 300 $a[12], 56 p. ;$c12°. 500 $aAutore del testo Pietro Metastasio. - Legato con 1C-I-26 FA. - Lascito Card. C.M. Martini. 650 4$aMelodramma - Testi.$0(OLS)http://semarc/subject/10519 700 1 $aMontani, Giovanni .$0(OLS)http://semarc/name/14915 850 $aSeMil 852 $aSeMil$W1$xVenegono$y1$m1C I 27 FA$j201091$B201091$CSeMilBibl$Z2$F212847 $8I 941 1 $a4 961 $aLascito: Martini Card. Carlo Maria 996 $6245$aLa Didone abbandonata, dramma per musica da rappresentarsi nel Regio Ducal Teatro di Milano nel carnovale dell'anno 1770 dedicato a sua altezza serenissima il Duca di Modena, Reggio ..$9(OLS)http://semarc/title/352921 996 $6260$aIn Milano :$bNella stamperia di Giovanni Montani$9(OLS)http://semarc/publisher/55408 LEADER 01214nam a2200277 i 4500 001 000000068946 003 CaOOAMICUS 005 20100816000000.0 008 100816s1969 it u000 u ita u 013 $a40118 040 $aSeMil$bita 100 1 $aGruber, Alois.$0(OLS)http://semarc/name/34445 240 10$aJugend im Ringen und Reifen.$0(OLS)http://semarc/title/110297 245 10$aPsicologia dell'età puberale /$cAlois Gruber ; [versione integrale dal tedesco di Emilio Selvolini]. 250 $a4. ed. 260 $a[Torino] :$bEP/SAIE,$c1969. 300 $a245 p. ;$c24 cm. 490 0 $aBiblioteca di psicologia e pedagogia ;$v7 650 4$aPsicologia dello sviluppo.$0(OLS)http://semarc/subject/13658 650 4$aFanciulli - Sviluppo psichico.$0(OLS)http://semarc/subject/6200 700 1 $aSelvolini, Emilio.$0(OLS)http://semarc/name/34446 830 0$aBiblioteca di psicologia e pedagogia ;$v7.$0(OLS)http://semarc/title/31748 850 $aSeMil 852 $aSeMil$W1$xVenegono$y1$m2O IV 267$j35099$B35099$CSeMilBibl$Z2$F35102 $81 996 $6245$aPsicologia dell'età puberale$9(OLS)http://semarc/title/110296 996 $6260$a[Torino] :$bEP/SAIE$9(OLS)http://semarc/publisher/35980